|
|
|
|
| LEADER |
00000nas a2200000 a 4500 |
| 003 |
Ucuenca |
| 005 |
20230308225131.0 |
| 008 |
000000|1989 mx |||||r|||||||||||spa|| |
| 040 |
|
|
|b spa
|
| 041 |
0 |
|
|a spa
|
| 082 |
0 |
|
|a 301.05
|b U48r
|
| 110 |
2 |
|
|a Universidad Nacional Autónoma de México.
|g UNAM
|9 7564
|
| 245 |
|
|
|a Revista Mexicana de Sociología
|c Universidad Nacional Autónoma de México
|h imp
|
| 264 |
|
|
|a México
|b Universidad Nacional Autónoma de México
|c abril-junio de 1989
|
| 300 |
|
|
|a 505 páginas:
|c 23 cm
|
| 362 |
|
|
|a Año LI, no. 2 (abril-junio de 1989)
|
| 504 |
|
|
|a incl. ref.
|
| 650 |
|
|
|a Revista mexicana de sociologia
|9 204472
|
| 650 |
|
|
|a Revolucion mexicana
|9 9812
|
| 852 |
|
|
|a UC-CDJBV
|
| 942 |
|
|
|c SER
|
| 999 |
|
|
|c 151537
|d 151537
|